Countries that designate Hezbollah as a terrorist organisation - Statistics

General Stats
  • This quiz has been taken 273 times
  • The average score is 6 of 8
Answer Stats
Hint Answer % Correct
All of Hezbollah United States
99%
Only military wing of Hezbollah United Kingdom
96%
All of Hezbollah France
91%
All of Hezbollah Israel
87%
All of Hezbollah Canada
86%
Only Hezbollah's external security organisation Australia
67%
Only military wing of Hezbollah New Zealand
48%
All of Hezbollah Netherlands
37%
No matching quizzes found
Score Distribution
Percent of People with Each Score
Percentile by Number Answered
Your Score History
You have not taken this quiz